[Event "SVM Verbandsliga West 2023-24"]
[Site "?"]
[Date "2024.03.03"]
[Round "7.6"]
[White "Grünich, Andreas"]
[Black "Hartl, Jan"]
[Result "1-0"]
[WhiteElo "1826"]
[BlackElo "1367"]
[PlyCount "79"]
[EventDate "2023.09.03"]
[EventType "team-tourn"]
[EventRounds "9"]
[EventCountry "GER"]
[WhiteTeam "SV Lendersdorf 1"]
[BlackTeam "SK Kerpen 1"]

1. d4 f5 2. Nf3 Nf6 3. g3 g6 4. Bg2 Bg7 5. O-O d6 6. c3 e6 7. Qb3 Nc6 8. Re1 Qe7 9. Nbd2 O-O 10. e4 fxe4 11. Nxe4 Na5 12. Qc2 b6 13. Neg5 Re8 14. Nd2 Rb8 15. b4 Ng4 16. Nxh7 Kxh7 17. bxa5 Qf7 18. Ne4 Bh6 19. Bxh6 Kxh6 20. h3 Nf6 21. Qd2+ Kg7 22. Ng5 Qd7 23. axb6 axb6 24. a4 Bb7 25. a5 Bxg2 26. Kxg2 bxa5 27. Rxa5 Qc6+ 28. Kg1 Nd5 29. Nxe6+ Kf7 30. Ng5+ Kg7 31. Rxe8 Rxe8 32. Ra3 Qc4 33. Ra2 Nxc3 34. Rc2 Ne2+ 35. Kh2 Qd5 36. Rxc7+ Kg8 37. h4 Qf5 38. Nh3 Qd5 39. Qh6 Qf7 40. Rxf7 1-0

[Event "SVM Verbandsliga West 2023-24"]
[Site "?"]
[Date "2024.03.03"]
[Round "7.1"]
[White "Hüskens, Gerd"]
[Black "Alexopoulos, Spiros Orestis"]
[Result "0-1"]
[WhiteElo "1816"]
[BlackElo "1947"]
[PlyCount "76"]
[EventDate "2023.09.03"]
[EventType "team-tourn"]
[EventRounds "9"]
[EventCountry "GER"]
[WhiteTeam "SG Kohlscheid 1"]
[BlackTeam "Aachener SV 3"]

1. d4 d5 2. Nf3 Nf6 3. c4 e6 4. Nc3 c5 5. e3 Nc6 6. a3 dxc4 7. Bxc4 a6 8. O-O b5 9. Ba2 Bb7 10. dxc5 Bxc5 11. Qe2 O-O 12. e4 Qb6 13. h3 Nh5 14. Kh2 Rad8 15. b4 Bd6+ 16. g3 Qc7 17. Rg1 Nxb4 18. Bb2 Nc6 19. Rac1 Qa5 20. Nb1 b4 21. Qe3 bxa3 22. Nxa3 Bc7 23. Bb1 Qb6 24. Qe2 a5 25. Nc4 Qa7 26. Qc2 Nb4 27. Qe2 Bb6 28. Rg2 Bc5 29. Nfe5 Nf6 30. Ng4 Nxg4+ 31. Qxg4 Bd4 32. f3 Bxb2 33. Rxb2 Ba6 34. Rg2 Bxc4 35. Rxc4 Rd1 36. Bc2 Nxc2 37. Rcxc2 Qe3 38. Rce2 Qc1 0-1

[Event "SVM Verbandsliga West 2023-24"]
[Site "?"]
[Date "2024.03.03"]
[Round "7.2"]
[White "Roefe, Detlef"]
[Black "Johann, Lukas Martin"]
[Result "1/2-1/2"]
[WhiteElo "1887"]
[BlackElo "1898"]
[PlyCount "106"]
[EventDate "2023.09.03"]
[EventType "team-tourn"]
[EventRounds "9"]
[EventCountry "GER"]
[WhiteTeam "Aachener SV 3"]
[BlackTeam "SG Kohlscheid 1"]

1. e4 c5 2. Nf3 e6 3. e5 d6 4. exd6 Bxd6 5. Bc4 Nf6 6. d3 a6 7. a4 b6 8. O-O Bb7 9. Bg5 Nc6 10. c3 Ne5 11. Nxe5 Bxe5 12. Qe2 Bc7 13. Nd2 Qd6 14. f4 h6 15. Bxf6 gxf6 16. Ne4 Qe7 17. d4 f5 18. Ng3 h5 19. Qe3 h4 20. Ne2 Rh6 21. Rad1 Rd8 22. Rf2 a5 23. Kf1 Rg6 24. Ng1 Rg4 25. Be2 cxd4 26. cxd4 Rg7 27. Nf3 Bd5 28. Rc1 h3 29. g3 f6 30. Bc4 Be4 31. Bb5+ Kf8 32. Bc6 Bxf3 33. Bxf3 Qd7 34. Rfc2 Bb8 35. Rc6 Re7 36. Rd1 Kf7 37. Qb3 Kg7 38. d5 e5 39. fxe5 Bxe5 40. Rxb6 f4 41. g4 Bd6 42. Re1 Bb4 43. Ree6 Rde8 44. Rxe7+ Qxe7 45. Re6 Qd7 46. Be2 Rxe6 47. dxe6 Qd2 48. Qd1 Qe3 49. Qd7+ Kh6 50. Qd5 Qc1+ 51. Bd1 Qxb2 52. Qh5+ Kg7 53. Qf7+ Kh6 1/2-1/2

[Event "SVM Verbandsliga West 2023-24"]
[Site "?"]
[Date "2024.03.03"]
[Round "7.3"]
[White "Freer, Glenn"]
[Black "Thiemann, Marc"]
[Result "1/2-1/2"]
[WhiteElo "1899"]
[BlackElo "1897"]
[PlyCount "74"]
[EventDate "2023.09.03"]
[EventType "team-tourn"]
[EventRounds "9"]
[EventCountry "GER"]
[WhiteTeam "SG Kohlscheid 1"]
[BlackTeam "Aachener SV 3"]

1. e4 c5 2. Nc3 d6 3. f4 g6 4. Nf3 Bg7 5. Bc4 Nc6 6. O-O e6 7. d3 Nge7 8. Qe1 O-O 9. Bb3 Nd4 10. Nxd4 Bxd4+ 11. Kh1 d5 12. Nd1 b5 13. c3 Bg7 14. Bc2 Bb7 15. Nf2 d4 16. Bd2 a5 17. a4 b4 18. c4 Qd7 19. b3 Rae8 20. Bd1 Kh8 21. Nh3 f6 22. Bf3 e5 23. fxe5 f5 24. Ng5 Bxe5 25. Qh4 h5 26. Nh3 Bf6 27. Bg5 Bxg5 28. Qxg5 fxe4 29. Qh6+ Kg8 30. dxe4 Rf6 31. Rae1 Nc6 32. Qg5 Qf7 33. Qxc5 Re5 34. Qb6 Qe7 35. Nf2 Rd6 36. Nd3 Nd8 37. Qa7 Nc6 {(=)} 1/2-1/2

[Event "SVM Verbandsliga West 2023-24"]
[Site "?"]
[Date "2024.03.03"]
[Round "7.4"]
[White "Hinz, Laszlo"]
[Black "Kunstek, Walter"]
[Result "1/2-1/2"]
[WhiteElo "1777"]
[BlackElo "1850"]
[PlyCount "57"]
[EventDate "2023.09.03"]
[EventType "team-tourn"]
[EventRounds "9"]
[EventCountry "GER"]
[WhiteTeam "Aachener SV 3"]
[BlackTeam "SG Kohlscheid 1"]

1. e4 d5 2. exd5 Nf6 3. d4 Nxd5 4. Nf3 Bg4 5. Be2 e6 6. O-O Nc6 7. c4 Nb6 8. Nc3 Bxf3 9. Bxf3 Nxc4 10. Bxc6+ bxc6 11. Qa4 Nb6 12. Qxc6+ Qd7 13. Qxd7+ Kxd7 14. Bf4 Bd6 15. Bg3 Rhc8 16. Rfd1 Nd5 17. Rac1 Rab8 18. Na4 Kd8 19. Kf1 Rb4 20. b3 Rbb8 21. Rd2 Bf4 22. Bxf4 Nxf4 23. Rc4 Nd5 24. Nc3 Rb6 25. Rc5 c6 26. Na4 Rb5 27. Rc1 Rb4 28. Nc5 Ne7 29. Na6 1/2-1/2

[Event "SVM Verbandsliga West 2023-24"]
[Site "?"]
[Date "2024.03.03"]
[Round "7.5"]
[White "Orlowski, Julius"]
[Black "Yanes, Adrian"]
[Result "1-0"]
[WhiteElo "1806"]
[BlackElo "1679"]
[PlyCount "117"]
[EventDate "2023.09.03"]
[EventType "team-tourn"]
[EventRounds "9"]
[EventCountry "GER"]
[WhiteTeam "SG Kohlscheid 1"]
[BlackTeam "Aachener SV 3"]

1. e4 d5 2. exd5 Nf6 3. d4 Nxd5 4. c4 Nb6 5. Nc3 e5 6. Qe2 Nc6 7. Nf3 Bg4 8. d5 Bxf3 9. Qxf3 Nd4 10. Qe4 Qe7 11. Be3 f5 12. Qb1 f4 13. Bd2 Nd7 14. Ne4 Nf6 15. a3 a5 16. Bc3 g6 17. Bd3 Bg7 18. O-O O-O 19. Qe1 f3 20. Nxf6+ Qxf6 21. g3 Nb3 22. Rd1 Nc5 23. Bb1 Qg5 24. Kh1 b6 25. b4 axb4 26. axb4 Nb7 27. Bd2 Qg4 28. Qe4 Qxe4 29. Bxe4 Nd6 30. Bd3 Ra3 31. Be3 e4 32. c5 bxc5 33. bxc5 Rxd3 34. cxd6 Rxd1 35. Rxd1 cxd6 36. h4 Ra8 37. Rb1 Ra1 38. Rxa1 Bxa1 39. Kh2 {(=)} Kf7 40. Kh3 Kf6 41. Kg4 h5+ 42. Kf4 Bb2 43. Kxe4 Bc3 44. Bg5+ Kf7 45. Kxf3 Bd4 46. Bf4 Bc5 47. Bg5 Bd4 48. Ke2 Bc5 49. f3 Bd4 50. Bf4 Ke7 51. Kd3 Bf2 52. Bg5+ Kf7 53. g4 hxg4 54. fxg4 Bg3 55. Ke4 Be1 56. h5 Bc3 57. Bf4 gxh5 58. gxh5 Bb4 59. Kf5 1-0

[Event "SVM Verbandsliga West 2023-24"]
[Site "?"]
[Date "2024.03.03"]
[Round "7.6"]
[White "Hermann, David"]
[Black "Fainberg, Jakob"]
[Result "1-0"]
[WhiteElo "1753"]
[BlackElo "1774"]
[PlyCount "63"]
[EventDate "2023.09.03"]
[EventType "team-tourn"]
[EventRounds "9"]
[EventCountry "GER"]
[WhiteTeam "Aachener SV 3"]
[BlackTeam "SG Kohlscheid 1"]

1. e4 e5 2. Nf3 Nc6 3. Bb5 a6 4. Ba4 Nf6 5. O-O d6 6. Re1 Bg4 7. c3 Be7 8. d3 O-O 9. Nbd2 b5 10. Bc2 d5 11. exd5 Nxd5 12. h3 Bh5 13. g4 Bg6 14. Nxe5 Nxe5 15. Rxe5 Bf6 16. Re1 Nf4 17. Qf3 Nxd3 18. Bxd3 Qxd3 19. Qxd3 Bxd3 20. Ne4 Bh4 21. Nc5 Bc4 22. Bf4 c6 23. Rad1 Bd5 24. Nd7 Rfe8 25. Nb6 Rxe1+ 26. Rxe1 Rd8 27. Bc7 Rf8 28. Nxd5 cxd5 29. Re5 Rc8 30. Bb6 Rb8 31. Ba5 Bd8 32. Re8# 1-0

[Event "SVM Verbandsliga West 2023-24"]
[Site "?"]
[Date "2024.03.03"]
[Round "7.7"]
[White "Stakenburg, Alexander"]
[Black "Voleske, Peter"]
[Result "1/2-1/2"]
[WhiteElo "1743"]
[BlackElo "1801"]
[PlyCount "78"]
[EventDate "2023.09.03"]
[EventType "team-tourn"]
[EventRounds "9"]
[EventCountry "GER"]
[WhiteTeam "SG Kohlscheid 1"]
[BlackTeam "Aachener SV 3"]

1. e4 c6 2. d4 d5 3. Nc3 dxe4 4. Nxe4 Nf6 5. Nxf6+ exf6 6. Be3 Bd6 7. Bd3 O-O 8. Ne2 Re8 9. O-O Nd7 10. Qd2 Nf8 11. Bf4 Ne6 12. Bxd6 Qxd6 13. Rfe1 Bd7 14. Rad1 Rad8 15. c3 g6 16. a3 Bc8 17. Bc4 b5 18. Bb3 Bb7 19. Bc2 c5 20. Ng3 f5 21. Qh6 Qc6 22. f3 Ng7 23. Rxe8+ Qxe8 24. Qd2 Qd7 25. Qe2 Qc6 26. dxc5 Qxc5+ 27. Qf2 Rxd1+ 28. Bxd1 Qd5 29. Be2 a6 30. Qa7 Ne6 31. Qf2 Nf4 32. Bf1 Nd3 33. Bxd3 Qxd3 34. Qe2 Qd5 35. Kf2 Kg7 36. Qe3 Qd6 37. Qd4+ Qxd4+ 38. cxd4 Kf6 39. Ke3 g5 {(=)} 1/2-1/2

[Event "SVM Verbandsliga West 2023-24"]
[Site "?"]
[Date "2024.03.03"]
[Round "7.8"]
[White "Biskup, Jakub"]
[Black "Langen, Ralf"]
[Result "1-0"]
[WhiteElo "1722"]
[BlackElo "1694"]
[PlyCount "97"]
[EventDate "2023.09.03"]
[EventType "team-tourn"]
[EventRounds "9"]
[EventCountry "GER"]
[WhiteTeam "Aachener SV 3"]
[BlackTeam "SG Kohlscheid 1"]

1. Nf3 c6 2. g3 g6 3. Bg2 Bg7 4. d4 d5 5. O-O Nf6 6. c4 O-O 7. Nc3 Ne4 8. cxd5 Nxc3 9. bxc3 cxd5 10. Qb3 Nc6 11. Nd2 e6 12. Ba3 Re8 13. e4 Na5 14. Qc2 b6 15. Rab1 Ba6 16. Rfc1 Nc4 17. Bb4 Bh6 18. f4 Ne3 19. Qa4 Bd3 20. Rb2 Nxg2 21. Kxg2 dxe4 22. Re1 f5 23. Nb3 g5 24. fxg5 Bxg5 25. Nc1 b5 26. Qa6 Qd5 27. Kg1 Bc4 28. Ne2 Kf7 29. Bd6 Bxe2 30. Rexe2 e3 31. Rxb5 Qf3 32. Qb7+ Qxb7 33. Rxb7+ Kg6 34. h4 Bh6 35. Kg2 Rac8 36. Bb4 f4 37. g4 Bf8 38. Ba5 Re7 {(=)} 39. Rb5 Bg7 40. Bb4 Rd7 41. Kf3 Rf7 42. Bd6 Rxc3 43. h5+ Kh6 44. Bxf4+ Rxf4+ 45. Kxf4 Bxd4 46. Rb7 Bf6 47. Rxa7 Rc4+ 48. Kf3 Rc1 49. Ra6 1-0

[Event "SVM Verbandsliga West 2023-24"]
[Site "?"]
[Date "2024.03.03"]
[Round "7.1"]
[White "Röder, Matthias"]
[Black "Yeritsyan, Artur"]
[Result "1-0"]
[WhiteElo "2337"]
[BlackElo "1863"]
[PlyCount "99"]
[EventDate "2023.09.03"]
[EventType "team-tourn"]
[EventRounds "9"]
[EventCountry "GER"]
[WhiteTeam "SF Brand 1"]
[BlackTeam "Brühler SK 3"]

1. Nf3 g6 2. e4 Bg7 3. d4 d6 4. c3 Nf6 5. Bd3 O-O 6. O-O Nbd7 7. Re1 e5 8. a4 a5 9. Bg5 c6 10. Nbd2 Qc7 11. h3 Re8 12. Qc2 b6 13. Rad1 Bb7 14. Qc1 Nh5 15. Be3 Rab8 16. Qc2 Ba8 17. b4 exd4 18. Nxd4 Ne5 19. Be2 Nf6 20. f4 Ned7 21. Bf3 Rbd8 22. Bf2 Bb7 23. g3 Ra8 24. Bg2 Rad8 25. Bf3 Nb8 26. Kg2 Na6 27. b5 Nb8 28. bxc6 Bxc6 29. Nxc6 Nxc6 30. Nc4 Nd7 31. Nxd6 Re6 32. Nb5 Qc8 33. Bg4 Re7 34. Bxb6 h5 35. Nd6 Qa6 36. Bxd8 Nxd8 37. Be2 Qa8 38. Bf3 Ne6 39. e5 Qa6 40. Qe2 Qb6 41. Qb5 Qc7 42. Qc6 Qb8 43. Qc8+ Qxc8 44. Nxc8 Re8 45. Bc6 Rxc8 46. Bxd7 Rxc3 47. Bxe6 fxe6 48. Rd6 Rc4 49. Rxe6 Rxa4 50. Rxg6 1-0

[Event "SVM Verbandsliga West 2023-24"]
[Site "?"]
[Date "2024.03.03"]
[Round "7.2"]
[White "Heuser, Friedhelm"]
[Black "Meissner, Thomas"]
[Result "1-0"]
[WhiteElo "2005"]
[BlackElo "1984"]
[PlyCount "75"]
[EventDate "2023.09.03"]
[EventType "team-tourn"]
[EventRounds "9"]
[EventCountry "GER"]
[WhiteTeam "Brühler SK 3"]
[BlackTeam "SF Brand 1"]

1. e4 c5 2. Nf3 Nc6 3. Bb5 g6 4. O-O Bg7 5. Bxc6 bxc6 6. d3 d6 7. h3 Nf6 8. Nbd2 O-O 9. Rb1 Nh5 10. b3 Nf4 11. Nc4 e5 12. Bd2 g5 13. Nh2 f5 14. Bxf4 exf4 15. Qd2 h5 16. exf5 Rxf5 17. Rfe1 d5 18. Nb2 Bd7 19. Na4 g4 20. Nxc5 gxh3 21. Nf3 hxg2 22. d4 h4 23. Nxd7 Qxd7 24. Qe2 Kf7 25. Ne5+ Bxe5 26. dxe5 Qe6 27. Qg4 Rg8 28. Qh3 f3 29. Re3 Rf4 30. Rxf3 Qxh3 31. Rxh3 Ke6 32. Re1 Rg5 33. a4 a5 34. Rc3 Rxe5 35. Rxc6+ Kf5 36. Rxe5+ Kxe5 37. Kxg2 Rb4 38. Rc5 1-0

[Event "SVM Verbandsliga West 2023-24"]
[Site "?"]
[Date "2024.03.03"]
[Round "7.3"]
[White "Wendland, Guido"]
[Black "Dilger, Jan"]
[Result "1-0"]
[WhiteElo "1832"]
[BlackElo "1880"]
[PlyCount "83"]
[EventDate "2023.09.03"]
[EventType "team-tourn"]
[EventRounds "9"]
[EventCountry "GER"]
[WhiteTeam "SF Brand 1"]
[BlackTeam "Brühler SK 3"]

1. e4 c5 2. Nf3 Nc6 3. d4 cxd4 4. Nxd4 Nf6 5. Nc3 e5 6. Ndb5 d6 7. a4 a6 8. Na3 Be6 9. Bg5 Be7 10. Nc4 d5 11. Bxf6 dxc4 12. Qxd8+ Rxd8 13. Bxg7 Rg8 14. Bh6 Nd4 15. O-O-O b5 16. Be3 Bb4 17. Kb1 f6 18. axb5 Bxc3 19. bxc3 Nxb5 20. Rxd8+ Kxd8 21. Bb6+ Kd7 22. Ba5 Kc6 23. g3 Rb8 24. Ka2 Nd6 25. f3 f5 26. Bh3 fxe4 27. Bxe6 exf3 28. Bb4 e4 29. Rd1 Rb5 30. Rxd6+ Kc7 31. Rd7+ Kc6 32. Rf7 Re5 33. Bxc4 a5 34. Rf6+ Kd7 35. Bd6 e3 36. Rxf3 Kxd6 37. Be2 Kd5 38. Kb3 h5 39. Rf4 Ke6 40. Kc4 Kd6 41. Kd3 a4 42. Rxa4 1-0

[Event "SVM Verbandsliga West 2023-24"]
[Site "?"]
[Date "2024.03.03"]
[Round "7.4"]
[White "Neuens, Heiko"]
[Black "Weischenberg, Jürgen"]
[Result "1/2-1/2"]
[WhiteElo "1872"]
[BlackElo "1820"]
[PlyCount "34"]
[EventDate "2023.09.03"]
[EventType "team-tourn"]
[EventRounds "9"]
[EventCountry "GER"]
[WhiteTeam "Brühler SK 3"]
[BlackTeam "SF Brand 1"]

1. c4 e6 2. Nc3 d5 3. e3 Nf6 4. Nf3 Bd6 5. b3 b6 6. Bb2 O-O 7. Be2 Bb7 8. O-O Re8 9. Rc1 a6 10. Qc2 Nbd7 11. d3 Rc8 12. Qb1 Qe7 13. Rfd1 h6 14. Rd2 Ba3 15. Rcd1 Bxb2 16. Qxb2 c5 17. cxd5 Nxd5 {(=)} 1/2-1/2

[Event "SVM Verbandsliga West 2023-24"]
[Site "?"]
[Date "2024.03.03"]
[Round "7.5"]
[White "Schülting, David"]
[Black "Schottmüller, Christoph"]
[Result "1/2-1/2"]
[WhiteElo "1810"]
[BlackElo "1910"]
[PlyCount "120"]
[EventDate "2023.09.03"]
[EventType "team-tourn"]
[EventRounds "9"]
[EventCountry "GER"]
[WhiteTeam "SF Brand 1"]
[BlackTeam "Brühler SK 3"]

1. e4 e5 2. Nf3 Nc6 3. Bc4 Bc5 4. c3 Nf6 5. d4 exd4 6. cxd4 Bb4+ 7. Nc3 d5 8. exd5 Nxd5 9. O-O Nxc3 10. bxc3 Be7 11. Re1 O-O 12. d5 Na5 13. Bd3 Bf6 14. Ba3 Bxc3 15. Be7 Qe8 16. Bxh7+ Kh8 17. Bxf8 Bxe1 18. Nxe1 Kxh7 19. Qh5+ Kg8 20. Bb4 Nc4 21. Nf3 Nd6 22. Ng5 Bf5 23. Re1 Qd7 24. Re3 Bg6 25. Qe2 Re8 26. Nf3 Rxe3 27. Qxe3 Ne4 28. Qd4 Nf6 29. d6 cxd6 30. Qxd6 Qxd6 31. Bxd6 Ne4 32. Bb8 a6 33. Ne5 Bf5 34. f3 Nc3 35. a3 f6 36. Nc4 b5 37. Ne3 Bd3 38. Bc7 Kf7 39. Kf2 Ke6 40. Ke1 Nd5 41. Nxd5 {(=)} Kxd5 42. Kd2 Kc4 43. Ba5 Bf1 44. g4 Bg2 45. Ke3 Bh3 46. Kf4 g6 47. Bd8 f5 48. gxf5 Bxf5 49. h4 Bc2 50. Ke3 Kb3 51. Be7 a5 52. Kd2 Bf5 53. Kc1 b4 54. axb4 axb4 55. Bf6 Kc4 56. Kd2 Kd5 57. Be7 b3 58. Kc3 Bc2 59. Bf6 Ke6 60. Bg5 Kf5 1/2-1/2

[Event "SVM Verbandsliga West 2023-24"]
[Site "?"]
[Date "2024.03.03"]
[Round "7.6"]
[White "Romaker, Johann"]
[Black "Offermanns, Robert"]
[Result "1-0"]
[WhiteElo "1856"]
[BlackElo "1833"]
[PlyCount "129"]
[EventDate "2023.09.03"]
[EventType "team-tourn"]
[EventRounds "9"]
[EventCountry "GER"]
[WhiteTeam "Brühler SK 3"]
[BlackTeam "SF Brand 1"]

1. d4 e5 2. d5 d6 3. c4 g6 4. Nc3 Bg7 5. e4 f5 6. Bd3 fxe4 7. Nxe4 Nf6 8. Bg5 O-O 9. Qd2 Bf5 10. Nxf6+ Bxf6 11. Bxf5 gxf5 12. h4 Bxg5 13. hxg5 Rf7 14. g6 Rg7 15. gxh7+ Rxh7 16. Rxh7 Kxh7 17. O-O-O Qh4 18. Qe2 Nd7 19. g3 Qg5+ 20. Kb1 Nf6 21. Nf3 Qh5 22. Re1 Rg8 23. Qd1 Kg7 24. Rh1 Qg4 25. Rh4 Qg6 26. Qc2 Ng4 27. a3 Kf6 28. Ka2 a6 29. Qe2 Kg7 30. Rh3 Rh8 31. Nh4 Qg5 32. f3 Nh6 33. Rh2 Kf6 34. Rg2 f4 35. Qf2 Nf5 36. Nxf5 Qxf5 37. gxf4 Qxf4 38. Rg4 Qh2 39. Qe3 Qh5 40. Qg1 b6 41. f4 Rh7 42. Rg5 Qe2 43. fxe5+ dxe5 44. Rg6+ Kf7 45. Rc6 Kf8 46. Qg5 Qh5 47. Qd8+ Qe8 48. Qf6+ Kg8 49. Re6 Qh5 50. Qd8+ Kg7 51. Qxc7+ Kf8 52. Qd8+ Kg7 53. Qf6+ Kg8 54. Rd6 Rg7 55. Rxb6 a5 56. d6 Qg4 57. Rc6 e4 58. Qd8+ Kh7 59. Rc7 e3 60. Rxg7+ Kxg7 61. Qc7+ Kg6 62. d7 e2 63. d8=Q e1=Q 64. Qg8+ Kf5 65. Qcf7+ 1-0

[Event "SVM Verbandsliga West 2023-24"]
[Site "?"]
[Date "2024.03.03"]
[Round "7.7"]
[White "Akhramsyah Muammar Ubaidah, Aqil Ainuddin"]
[Black "Jopek, Eugen"]
[Result "1-0"]
[WhiteElo "1909"]
[BlackElo "1824"]
[PlyCount "61"]
[EventDate "2023.09.03"]
[EventType "team-tourn"]
[EventRounds "9"]
[EventCountry "GER"]
[WhiteTeam "SF Brand 1"]
[BlackTeam "Brühler SK 3"]

1. d4 d5 2. c4 c6 3. cxd5 cxd5 4. Nc3 Nf6 5. Bf4 Bf5 6. e3 Nc6 7. Qb3 Qb6 8. Qxb6 axb6 9. Bc7 e6 10. Bxb6 Bb4 11. f3 O-O 12. Kd2 Rfc8 13. Bc5 Bxc5 14. dxc5 Nd7 15. Bb5 Nxc5 16. Nge2 Na7 17. Rhc1 Rd8 18. g4 Bg6 19. Nf4 d4 20. exd4 Rxd4+ 21. Ke3 Nxb5 22. Nxb5 Rb4 23. Rxc5 b6 24. Nc7 bxc5 25. Nxa8 Rxb2 26. h4 e5 27. Nxg6 hxg6 28. a4 f5 29. a5 Rb7 30. a6 Ra7 31. Nc7 1-0

[Event "SVM Verbandsliga West 2023-24"]
[Site "?"]
[Date "2024.03.03"]
[Round "7.8"]
[White "Hagedorn, Lennart"]
[Black "Kroll, Siegfried"]
[Result "1-0"]
[WhiteElo "1586"]
[BlackElo "1613"]
[PlyCount "97"]
[EventDate "2023.09.03"]
[EventType "team-tourn"]
[EventRounds "9"]
[EventCountry "GER"]
[WhiteTeam "Brühler SK 3"]
[BlackTeam "SF Brand 1"]

1. c4 e6 2. g3 d5 3. Bg2 c6 4. Nf3 Nf6 5. O-O Be7 6. b3 O-O 7. Bb2 Nbd7 8. d4 Nb6 9. Nbd2 Re8 10. Re1 Bb4 11. a3 Bxd2 12. Nxd2 Nbd7 13. Rc1 e5 14. dxe5 Nxe5 15. cxd5 Nxd5 16. Nc4 Nxc4 17. Rxc4 Nf6 18. Qc2 Be6 19. Rh4 g6 20. Qc3 Kg7 21. Rf4 Bf5 22. g4 Be6 23. Qxf6+ Qxf6 24. Bxf6+ Kg8 25. b4 Rac8 26. Rd1 Bb3 27. Rd3 Ba4 28. Bf3 Bb5 29. Rd2 h6 30. Rfd4 b6 31. Rd8 c5 32. bxc5 Rxc5 33. Rxe8+ Bxe8 34. Rd8 Kf8 35. Ra8 a5 36. a4 Rc4 37. Kg2 g5 38. e3 Rc1 39. Bb7 Rc4 40. h3 Rc1 41. e4 Rc4 42. e5 Rc2 43. Ba6 Rc5 44. Bb5 Rxb5 45. axb5 a4 46. Rxa4 Bxb5 47. Ra8+ Be8 48. Kf3 b5 49. Ke3 1-0

[Event "SVM Verbandsliga West 2023-24"]
[Site "?"]
[Date "2024.03.03"]
[Round "7.1"]
[White "Bien, Stefan"]
[Black "Kellerwessel, Ralf"]
[Result "1-0"]
[WhiteElo "2055"]
[BlackElo "1895"]
[PlyCount "67"]
[EventDate "2023.09.03"]
[EventType "team-tourn"]
[EventRounds "9"]
[EventCountry "GER"]
[WhiteTeam "SV Horrem 1"]
[BlackTeam "Tigerli Aachen 1"]

1. d4 Nf6 2. Nf3 d5 3. c3 Bf5 4. Qb3 Qc8 5. Bg5 Nbd7 6. Nbd2 h6 7. Bh4 e6 8. e3 Bd6 9. Rc1 O-O 10. c4 c6 11. Bd3 Ne4 12. Bg3 Bxg3 13. hxg3 Qc7 14. cxd5 exd5 15. Qc2 Rae8 16. Rh5 Nxg3 17. Rxf5 Nxf5 18. Bxf5 Nf6 19. Ne5 Re7 20. b4 Qd6 21. Qc5 Rd8 22. a3 a6 23. Ke2 Ne4 24. Bxe4 dxe4 25. Qxd6 Rxd6 26. Nxe4 Rd8 27. Nc5 g6 28. Kf3 Kg7 29. Nc4 Rd5 30. Nb6 Rf5+ 31. Ke2 Rg5 32. g3 h5 33. Nc8 Rc7 34. Nd6 1-0

[Event "SVM Verbandsliga West 2023-24"]
[Site "?"]
[Date "2024.03.03"]
[Round "7.2"]
[White "Schuller, Bernd"]
[Black "Hannaske, Arno"]
[Result "0-1"]
[WhiteElo "1777"]
[BlackElo "2097"]
[PlyCount "74"]
[EventDate "2023.09.03"]
[EventType "team-tourn"]
[EventRounds "9"]
[EventCountry "GER"]
[WhiteTeam "Tigerli Aachen 1"]
[BlackTeam "SV Horrem 1"]

1. d4 d5 2. c4 e6 3. Nf3 c5 4. cxd5 exd5 5. g3 Nc6 6. Bg2 Nf6 7. O-O Be7 8. Nc3 O-O 9. Bg5 cxd4 10. Nxd4 h6 11. Bf4 Bg4 12. h3 Be6 13. Rc1 Rc8 14. Qd3 Nxd4 15. Qxd4 Qa5 16. Bd2 Rfd8 17. Rfd1 Qa6 18. Be1 Rc4 19. Qd3 d4 20. b3 dxc3 21. Qxd8+ Bxd8 22. Rxd8+ Kh7 23. bxc4 Qxc4 24. Bxc3 Qxa2 25. Bxf6 gxf6 26. Be4+ Kg7 27. Bf3 b5 28. Kg2 b4 29. Rcd1 a5 30. Rb8 Qc2 31. Rd4 f5 32. e4 b3 33. exf5 Bxf5 34. Rdd8 a4 35. Rg8+ Kf6 36. Rb6+ Be6 37. Rg4 a3 0-1

[Event "SVM Verbandsliga West 2023-24"]
[Site "?"]
[Date "2024.03.03"]
[Round "7.3"]
[White "Schulz, Wilhelm"]
[Black "Wagner, Alfred"]
[Result "1-0"]
[WhiteElo "2009"]
[BlackElo "1754"]
[PlyCount "43"]
[EventDate "2023.09.03"]
[EventType "team-tourn"]
[EventRounds "9"]
[EventCountry "GER"]
[WhiteTeam "SV Horrem 1"]
[BlackTeam "Tigerli Aachen 1"]

1. d4 Nf6 2. c4 g6 3. f3 Bg7 4. e4 d6 5. Nc3 O-O 6. Be3 e5 7. d5 a5 8. Qd2 Na6 9. h4 h5 10. Be2 Bd7 11. Nh3 Nh7 12. g4 Nf6 13. Nf2 Qc8 14. O-O-O Nc5 15. Rdg1 Kh7 16. Kb1 Rh8 17. f4 exf4 18. Bxc5 dxc5 19. gxh5 gxh5 20. Qxf4 Rg8 21. Rg5 Qd8 22. e5 1-0

[Event "SVM Verbandsliga West 2023-24"]
[Site "?"]
[Date "2024.03.03"]
[Round "7.4"]
[White "Greim, Roman"]
[Black "Krings, Thomas"]
[Result "0-1"]
[WhiteElo "1776"]
[BlackElo "2016"]
[PlyCount "78"]
[EventDate "2023.09.03"]
[EventType "team-tourn"]
[EventRounds "9"]
[EventCountry "GER"]
[WhiteTeam "Tigerli Aachen 1"]
[BlackTeam "SV Horrem 1"]

1. e4 e5 2. Bc4 Nf6 3. Nc3 Nxe4 4. Bxf7+ Kxf7 5. Nxe4 d5 6. Qh5+ Kg8 7. Ng3 Nc6 8. d3 Be6 9. Nf3 g6 10. Qg5 Qxg5 11. Nxg5 Bd7 12. c3 Bd6 13. O-O h6 14. Nf3 Kg7 15. Re1 Rhf8 16. c4 Rae8 17. Bd2 dxc4 18. dxc4 Bg4 19. Ne4 Bxf3 20. gxf3 Nd4 21. Red1 Rxf3 22. Be3 Nc2 23. Nxd6 cxd6 24. Rac1 Nxe3 25. fxe3 Rxe3 26. Rc2 Rd8 27. Rcd2 Re4 28. b3 Rd4 29. Rxd4 exd4 30. Rxd4 Kf6 31. Rf4+ Ke6 32. Kf2 d5 33. Ke2 dxc4 34. Rxc4 Rd5 35. Kf3 Rd2 36. Rh4 h5 37. a4 Rd3+ 38. Ke2 Rxb3 39. Kf2 a5 0-1

[Event "SVM Verbandsliga West 2023-24"]
[Site "?"]
[Date "2024.03.03"]
[Round "7.5"]
[White "Allatif, Kinan"]
[Black "Heiermann, Peter"]
[Result "1-0"]
[WhiteElo "1894"]
[BlackElo "1621"]
[PlyCount "35"]
[EventDate "2023.09.03"]
[EventType "team-tourn"]
[EventRounds "9"]
[EventCountry "GER"]
[WhiteTeam "SV Horrem 1"]
[BlackTeam "Tigerli Aachen 1"]

1. d4 d5 2. Nf3 Nf6 3. c4 c6 4. Nc3 h6 5. e3 Bf5 6. cxd5 cxd5 7. Bb5+ Bd7 8. Qb3 e6 9. Ne5 Nc6 10. Nxd7 Nxd7 11. Bd2 Rb8 12. Rc1 a6 13. Be2 b5 14. Nxd5 Rc8 15. Nf4 Be7 16. Nxe6 fxe6 17. Bh5+ Kf8 18. Qxe6 1-0

[Event "SVM Verbandsliga West 2023-24"]
[Site "?"]
[Date "2024.03.03"]
[Round "7.6"]
[White "Schrader, Bernd"]
[Black "Fuhs, Jürgen"]
[Result "0-1"]
[WhiteElo "1525"]
[BlackElo "2073"]
[PlyCount "114"]
[EventDate "2023.09.03"]
[EventType "team-tourn"]
[EventRounds "9"]
[EventCountry "GER"]
[WhiteTeam "Tigerli Aachen 1"]
[BlackTeam "SV Horrem 1"]

1. e4 c5 2. Bc4 e6 3. Nf3 a6 4. a4 b6 5. O-O Bb7 6. d3 d6 7. Nc3 Be7 8. Bf4 Nd7 9. d4 Ngf6 10. e5 dxe5 11. Nxe5 cxd4 12. Qxd4 Bc5 13. Qd2 Qe7 14. Nxd7 Nxd7 15. Rad1 Rc8 16. b3 Bb4 17. Bd6 Qxd6 18. Qxd6 Bxd6 19. Rxd6 Ke7 20. Rfd1 Rc7 21. Ne2 Bd5 22. R6xd5 exd5 23. Rxd5 Nf6 24. Rd2 Ra8 25. f3 {(=)} Rc5 26. Nf4 a5 27. Re2+ Kf8 28. Nd3 Rc7 29. g4 Rd8 30. Kf2 Ne8 31. Nf4 Rcd7 32. Bd3 h6 33. h4 Rd4 34. Kg3 Nc7 35. g5 hxg5 36. hxg5 Re8 37. Rh2 Re5 38. Kg4 Ne6 39. Be4 Rxg5+ 40. Kh4 Re5 41. Nxe6+ Rxe6 42. Kg3 Ke7 43. c3 Rd1 44. Rc2 g6 45. Kf2 f5 46. Bb7 {(=)} Kf6 47. b4 Rh1 48. Kg2 Ree1 49. bxa5 bxa5 50. c4 Reg1+ 51. Kf2 Rh2+ 52. Kxg1 Rxc2 53. Ba6 Ke5 54. Bb5 Kf4 55. Be8 Kg3 56. Kf1 Kxf3 57. Ke1 g5 0-1